000 00618nam a2200229Ia 4500
005 20260429112252.0
008 260429s9999||||xx |||||||||||||| ||und||
020 _a9780691192765
041 _aEnglish
082 _a325.309
_bJAN
100 _aJansen, Jan C.
245 0 _aDecolonization :
_ba short history /
_cJan C. Jansen
250 _a1st ed.
260 _aPrinceton :
_bPrinceton University Press,
_c2017.
300 _axi, 252 p.; pbk
650 _a 20th Century
650 _a History
650 _aDecolonization
700 _a Osterhammel, Jurgen
700 _a Riemer, Jeremiah
942 _cTB
999 _c53220
_d53220